[Event "1st FIDE OWCCCC Pools-East 2021"]
[Site "Online"]
[Date "2021.02.20"]
[Round "4.65"]
[White "Veronelli, Franco"]
[Black "Turcatti, Mauro"]
[Result "1-0"]
[WhiteElo "1652"]
[BlackElo "1341"]
[Annotator "NA"]
[PlyCount "125"]
[EventDate "2021.02.19"]
[EventType "team-tourn"]
[EventCountry "NET"]
[SourceTitle "playchess.com"]
[Source "ChessBase"]
[SourceQuality "1"]

1. e4 c6 2. d4 d5 3. exd5 cxd5 4. c4 Nf6 5. Nc3 Nc6 6. Bg5 Be6 7. c5 g6 8. Nf3 Bg7 9. Bb5 O-O 10. O-O b6 11. Bxc6 Rc8 12. Bb5 bxc5 13. Rc1 Qb6 14. dxc5 Qxc5 15. Be3 Qb4 16. Qe2 Rb8 17. Nd4 Qd6 18. Rfd1 Ng4 19. g3 Bd7 20. Bxd7 Qxd7 21. Qf3 Nf6 22. Rb1 e6 23. a3 a6 24. b4 Rfc8 25. Rdc1 Rc7 26. Bf4 Rcb7 27. Bxb8 Rxb8 28. Qd1 Ne8 29. a4 Qa7 30. Nc6 Qb7 31. Nxb8 Qxb8 32. b5 axb5 33. Rxb5 Qa7 34. Qb3 h5 35. Rb7 Qd4 36. Rb8 Kf8 37. a5 Qc5 38. a6 Bd4 39. Rc2 Be5 40. Qb4 Bd6 41. Qxc5 Bxc5 42. Nb5 Ke7 43. a7 Bxa7 44. Nxa7 Nd6 45. Rc7+ Kf6 46. Nc6 e5 47. Rd8 Nf5 48. Rdd7 Nh6 49. Nd8 d4 50. Nxf7 Nf5 51. Rc6+ Kg7 52. Nxe5+ Kh6 53. Nf7+ Kg7 54. Ng5+ Kf8 55. Rxg6 Ne7 56. Rf6+ Ke8 57. Rxd4 Ng8 58. Ra6 Kf8 59. Ra7 Ke8 60. Rb4 Ne7 61. Rb8+ Nc8 62. Ne6 h4 63. Rxc8# 1-0

[Event "1st FIDE OWCCCC Pools-East 2021"]
[Site "Online"]
[Date "2021.02.20"]
[Round "4.66"]
[White "Bielec, John Matthew"]
[Black "Marincas, Monica"]
[Result "1-0"]
[WhiteElo "1615"]
[BlackElo "1145"]
[Annotator "NA"]
[PlyCount "88"]
[EventDate "2021.02.19"]
[EventType "team-tourn"]
[EventCountry "NET"]
[SourceTitle "playchess.com"]
[Source "ChessBase"]
[SourceQuality "1"]

1. e4 c5 2. Nf3 d6 3. Bb5+ Bd7 4. Bxd7+ Nxd7 5. O-O Ngf6 6. Re1 e5 7. c3 Be7 8. d4 O-O 9. a3 h6 10. b4 c4 11. Nbd2 b5 12. a4 a6 13. Nf1 d5 14. exd5 Bd6 15. dxe5 Nxe5 16. Nxe5 Re8 17. f4 Rc8 18. axb5 axb5 19. Ra5 Qb6+ 20. Be3 Qc7 21. Ra7 Qb8 22. Ra5 Qc7 23. Re2 Bc5 24. Bxc5 Rcd8 25. d6 Qb7 26. Ra7 Qd5 27. Qxd5 Nxd5 28. g3 Nxc3 29. Rd2 Ne4 30. Rc2 Nxc5 31. bxc5 Rf8 32. d7 f6 33. Nc6 Ra8 34. Rxa8 Rxa8 35. d8=Q+ Rxd8 36. Nxd8 Kh7 37. Nd2 h5 38. Nxc4 Kh6 39. Nd6 Kg6 40. c6 b4 41. Rb2 b3 42. c7 f5 43. c8=Q Kf6 44. Qxf5+ Ke7 1-0

[Event "1st FIDE OWCCCC Pools-East 2021"]
[Site "Online"]
[Date "2021.02.20"]
[Round "4.67"]
[White "De Araujo, Marco Antonio Sena C"]
[Black "Srivastava, Puneet"]
[Result "0-1"]
[WhiteElo "1798"]
[BlackElo "1485"]
[Annotator "NA"]
[PlyCount "74"]
[EventDate "2021.02.19"]
[EventType "team-tourn"]
[EventCountry "NET"]
[SourceTitle "playchess.com"]
[Source "ChessBase"]
[SourceQuality "1"]

1. e4 c5 2. Nf3 d6 3. Bc4 e6 4. O-O Nf6 5. d3 d5 6. exd5 exd5 7. Bb5+ Nc6 8. Bxc6+ bxc6 9. Bg5 Be7 10. Re1 O-O 11. c4 h6 12. Bxf6 Bxf6 13. d4 Bg4 14. b4 Bxd4 15. bxc5 Bxa1 16. cxd5 Qxd5 17. Qxd5 cxd5 18. Nbd2 Bc3 19. Rc1 Bxd2 20. Nxd2 Rac8 21. h3 Be6 22. a4 Rfd8 23. g4 d4 24. f4 d3 25. Kg2 Bd5+ 26. Kg3 Bc6 27. a5 a6 28. h4 Ba4 29. f5 Bc2 30. Ne4 Rd4 31. Nf2 Rxc5 32. g5 d2 33. gxh6 dxc1=Q 34. hxg7 Rxf5 35. h5 Qg5+ 36. Ng4 Qxg4+ 37. Kh2 Rxh5# 0-1

[Event "1st FIDE OWCCCC Pools-East 2021"]
[Site "Online"]
[Date "2021.02.20"]
[Round "4.68"]
[White "Combina, Alberto"]
[Black "ZubinMaster"]
[Result "0-1"]
[WhiteElo "1635"]
[BlackElo "1313"]
[Annotator "NA"]
[PlyCount "118"]
[EventDate "2021.02.19"]
[EventType "team-tourn"]
[EventCountry "NET"]
[SourceTitle "playchess.com"]
[Source "ChessBase"]
[SourceQuality "1"]

1. e4 c5 2. Nc3 Nc6 3. Bb5 d6 4. f4 Bd7 5. Nf3 e6 6. O-O g6 7. d3 Nd4 8. Bxd7+ Qxd7 9. Nxd4 cxd4 10. Ne2 Bg7 11. Bd2 Ne7 12. Qe1 Nc6 13. Rf3 O-O 14. Rh3 f5 15. Ng3 fxe4 16. Nxe4 e5 17. Rf3 d5 18. Ng3 Rae8 19. Rf1 exf4 20. Qf2 fxg3 21. Qxg3 Be5 22. Rxf8+ Rxf8 23. Qg5 Rf5 24. Qh4 Bf6 25. Qh3 Qd6 26. Re1 Re5 27. Qc8+ Kg7 28. Qxb7+ Ne7 29. Rxe5 Qxe5 30. Bb4 Kf7 31. Qxa7 Qe2 32. Qc7 Bg5 33. h3 Qe3+ 34. Kh1 Bf4 35. Qxe7+ Qxe7 36. Bxe7 Kxe7 37. Kg1 Kd6 38. Kf1 Be3 39. Ke2 g5 40. b4 Kc6 41. a4 Bc1 42. c4 dxc3 43. d4 Ba3 44. b5+ Kb6 45. Kd3 Bb2 46. g4 Ka5 47. Kc2 Kxa4 48. b6 Ba3 49. b7 Bd6 50. Kxc3 Kb5 51. Kb3 Kb6 52. Ka4 Kxb7 53. Kb5 Kc7 54. Ka6 Kc6 55. Ka5 Bc7+ 56. Ka4 Bb6 57. Kb3 Bxd4 58. Kc2 Kc5 59. Kd3 Be5 0-1

[Event "1st FIDE OWCCCC Pools-East 2021"]
[Site "Online"]
[Date "2021.02.20"]
[Round "4.68"]
[White "Garg, Richa"]
[Black "Figueredo Graterol, Andrea P."]
[Result "0-1"]
[WhiteElo "655"]
[BlackElo "1495"]
[Annotator "NA"]
[PlyCount "58"]
[EventDate "2021.02.19"]
[EventType "team-tourn"]
[EventCountry "NET"]
[SourceTitle "playchess.com"]
[Source "ChessBase"]
[SourceQuality "1"]

1. d4 d5 2. Nc3 e6 3. Bf4 Bd6 4. Be3 Nc6 5. Nf3 Bb4 6. Bg5 f6 7. Ne5 Nxe5 8. dxe5 Bxc3+ 9. bxc3 fxg5 10. e4 c6 11. Qh5+ g6 12. Qf3 Qe7 13. Rb1 Nh6 14. c4 Rf8 15. cxd5 Rxf3 16. gxf3 exd5 17. Rb3 Qxe5 18. Re3 Qa1+ 19. Ke2 Kf7 20. e5 Bh3 21. e6+ Bxe6 22. Rxe6 Kxe6 23. Bh3+ g4 24. Rxa1 gxh3 25. Rg1 Re8 26. Rg3 Kf5+ 27. Kf1 Nf7 28. Rxh3 h5 29. Kg1 Ng5 0-1

[Event "1st FIDE OWCCCC Pools-East 2021"]
[Site "Online"]
[Date "2021.02.20"]
[Round "4.69"]
[White "Fernandes, Gervano"]
[Black "Manish, Mehra"]
[Result "0-1"]
[WhiteElo "1309"]
[BlackElo "2140"]
[Annotator "TA"]
[PlyCount "64"]
[EventDate "2021.02.19"]
[EventType "team-tourn"]
[EventCountry "NET"]
[SourceTitle "playchess.com"]
[Source "ChessBase"]
[SourceQuality "1"]

1. e4 c5 2. Nf3 d6 3. c3 Nf6 4. e5 dxe5 5. Nxe5 Nbd7 6. Nf3 g6 7. d4 cxd4 8. cxd4 Bg7 9. Bb5 O-O 10. O-O a6 11. Ba4 b5 12. Bb3 Bb7 13. Be3 Ne4 14. Nbd2 Nd6 15. Re1 e6 16. Rc1 Nf5 17. Qe2 Rc8 18. Bc2 Nb6 19. Bxf5 Rxc1 20. Rxc1 exf5 21. b3 Nd5 22. Bg5 Qd6 23. Re1 f6 24. Bh4 g5 25. Bxg5 fxg5 26. Nxg5 Nf4 27. Qe8 Rxe8 28. Rxe8+ Bf8 29. g3 Qc6 30. Rxf8+ Kxf8 31. Ngf3 Qc1+ 32. Nf1 Bxf3 0-1

[Event "1st FIDE OWCCCC Pools-East 2021"]
[Site "Online"]
[Date "2021.02.20"]
[Round "4.70"]
[White "Borkar, Gautam"]
[Black "Alexias, Pavlos"]
[Result "1-0"]
[WhiteElo "1100"]
[BlackElo "1069"]
[Annotator "NA"]
[PlyCount "127"]
[EventDate "2021.02.19"]
[EventType "team-tourn"]
[EventCountry "NET"]
[SourceTitle "playchess.com"]
[Source "ChessBase"]
[SourceQuality "1"]

1. d4 d5 2. c4 e6 3. Nc3 Bb4 4. Bd2 Nf6 5. a3 Bxc3 6. Bxc3 O-O 7. e3 Nc6 8. Nf3 dxc4 9. Bxc4 Ne4 10. Qc2 Nxc3 11. Qxc3 a6 12. O-O b5 13. Bd3 Bb7 14. Qc2 g6 15. Rfd1 Qf6 16. h3 Ne7 17. Ne5 Qg5 18. f3 f6 19. Nd7 Bxf3 20. Rf1 Qxe3+ 21. Kh1 Bxg2+ 22. Kxg2 Qg5+ 23. Kh2 Nf5 24. Bxf5 exf5 25. Nxf8 Rxf8 26. Rg1 Qf4+ 27. Kh1 Qf3+ 28. Rg2 Qxh3+ 29. Rh2 Qf3+ 30. Rg2 Qh3+ 31. Kg1 Qe3+ 32. Rf2 Qxd4 33. Rd1 Qe4 34. Qxc7 Qg4+ 35. Rg2 Qxd1+ 36. Kh2 Qd8 37. Qg3 Re8 38. Qb3+ Kg7 39. Rc2 Qd6+ 40. Kh3 Qe6 41. Rc7+ Kg8 42. Qg3 f4+ 43. Qg4 Qxg4+ 44. Kxg4 g5 45. Rc6 Kg7 46. Rxa6 Re2 47. b4 Rf2 48. Ra5 f3 49. Rxb5 Rf1 50. a4 f2 51. Rf5 Kg6 52. Rf3 h5+ 53. Kg3 g4 54. Rxf2 Rxf2 55. Kxf2 Kf5 56. a5 Kf4 57. a6 g3+ 58. Kg2 h4 59. a7 h3+ 60. Kg1 h2+ 61. Kh1 Ke3 62. a8=Q Kf2 63. Qg2+ Ke3 64. Qxg3+ 1-0

[Event "1st FIDE OWCCCC Pools-East 2021"]
[Site "Online"]
[Date "2021.02.20"]
[Round "4.70"]
[White "avinash_upp"]
[Black "Soham Naik"]
[Result "1-0"]
[WhiteElo "850"]
[BlackElo "1292"]
[Annotator "NA"]
[PlyCount "85"]
[EventDate "2021.02.19"]
[EventType "team-tourn"]
[EventCountry "NET"]
[SourceTitle "playchess.com"]
[Source "ChessBase"]
[SourceQuality "1"]

1. e4 e5 2. Nf3 Nc6 3. Bb5 a6 4. Bxc6 bxc6 5. Nxe5 Qe7 6. d4 f6 7. Qh5+ g6 8. Nxg6 Qxe4+ 9. Be3 Qxg6 10. Qxg6+ hxg6 11. Nc3 Ne7 12. Ne4 f5 13. Nc3 Bg7 14. O-O d5 15. Rfe1 Bf6 16. Re2 Rb8 17. b3 Bd7 18. Na4 Kf7 19. Nc5 Bc8 20. c3 Rb5 21. a4 Rb8 22. Bf4 g5 23. Bxc7 Ra8 24. Rae1 Re8 25. Bd6 a5 26. Nd3 Ba6 27. Ne5+ Kg7 28. Rd2 Ng6 29. Rdd1 Rad8 30. Bc7 Rc8 31. Bd6 Re6 32. Nxg6 Rxe1+ 33. Rxe1 Kxg6 34. Re6 Rf8 35. Bxf8 Kf7 36. Rxc6 Kxf8 37. Rxa6 Kf7 38. Rxa5 Kg6 39. Rxd5 f4 40. a5 Be7 41. a6 Bd8 42. a7 Bc7 43. a8=Q 1-0

[Event "1st FIDE OWCCCC Pools-East 2021"]
[Site "Online"]
[Date "2021.02.20"]
[Round "4.70"]
[White "Lagoo, Raavi"]
[Black "Stojadinov, Milana"]
[Result "0-1"]
[WhiteElo "368"]
[BlackElo "1084"]
[Annotator "NA"]
[PlyCount "46"]
[EventDate "2021.02.19"]
[EventType "team-tourn"]
[EventCountry "NET"]
[SourceTitle "playchess.com"]
[Source "ChessBase"]
[SourceQuality "1"]

1. g3 d5 2. f3 e5 3. Bh3 f5 4. b3 Nf6 5. Bb2 Bd6 6. b4 Nc6 7. Ba3 Bxb4 8. Bc1 Qe7 9. Bxf5 Bxf5 10. Nh3 Bxh3 11. Rg1 Bf5 12. Bb2 O-O-O 13. h3 e4 14. Rg2 exf3 15. e3 fxg2 16. Bxf6 g1=Q+ 17. Ke2 Qxd1+ 18. Kxd1 Qxf6 19. h4 Qxa1 20. Ke2 Nd4+ 21. exd4 Qxd4 22. d3 Rde8+ 23. Kd1 Qg1# 0-1

[Event "1st FIDE OWCCCC Pools-East 2021"]
[Site "Online"]
[Date "2021.02.20"]
[Round "4.71"]
[White "Mitrovic, Aleksandar"]
[Black "Auti, Sonu"]
[Result "0-1"]
[WhiteElo "1730"]
[BlackElo "489"]
[Annotator "NA"]
[PlyCount "62"]
[EventDate "2021.02.19"]
[EventType "team-tourn"]
[EventCountry "NET"]
[SourceTitle "playchess.com"]
[Source "ChessBase"]
[SourceQuality "1"]

1. e4 e6 2. d4 Nf6 3. Nc3 Bd6 4. d5 O-O 5. Nf3 Bc5 6. dxe6 dxe6 7. Bc4 Nbd7 8. O-O b6 9. a3 Bb7 10. b4 Bd6 11. Nb5 c6 12. Qxd6 cxb5 13. Bxb5 Bxe4 14. Qg3 Bxc2 15. Bh6 Bg6 16. Bd3 Nh5 17. Qg4 Ndf6 18. Qg5 Qxd3 19. Rad1 Qxa3 20. Ne5 Ne4 21. Rfe1 Nxg5 22. Rd3 Qxb4 23. Bxg5 Bxd3 24. Re3 Nf4 25. g3 Ne2+ 26. Kf1 Nc3+ 27. Rxd3 Qb1+ 28. Kg2 Ne4 29. f3 Nc3 30. Rxc3 Qb2+ 31. Kh3 Qxc3 0-1

[Event "1st FIDE OWCCCC Pools-East 2021"]
[Site "Online"]
[Date "2021.02.20"]
[Round "4.71"]
[White "aneetasarkaar"]
[Black "Sawant, Priya"]
[Result "0-1"]
[WhiteElo "159"]
[BlackElo "678"]
[Annotator "NA"]
[PlyCount "38"]
[EventDate "2021.02.19"]
[EventType "team-tourn"]
[EventCountry "NET"]
[SourceTitle "playchess.com"]
[Source "ChessBase"]
[SourceQuality "1"]

1. e3 e5 2. g3 Nc6 3. Bb5 Qf6 4. c3 d5 5. g4 Nh6 6. Qa4 Nxg4 7. h3 a6 8. Bxc6+ bxc6 9. hxg4 Bxg4 10. Rh4 Qxh4 11. Qxc6+ Bd7 12. Qxc7 Qh1 13. Ke2 Qxg1 14. Na3 Bxa3 15. bxa3 Rd8 16. Rb1 e4 17. Rb6 Bg4+ 18. f3 exf3+ 19. Kd3 f2 0-1

[Event "1st FIDE OWCCCC Pools-East 2021"]
[Site "Online"]
[Date "2021.02.20"]
[Round "4.72"]
[White "Nair, Sanjeev"]
[Black "Amit Braganza"]
[Result "1-0"]
[WhiteElo "2143"]
[BlackElo "1160"]
[Annotator "NA RC"]
[PlyCount "125"]
[EventDate "2021.02.19"]
[EventType "team-tourn"]
[EventCountry "NET"]
[SourceTitle "playchess.com"]
[Source "ChessBase"]
[SourceQuality "1"]

1. d4 Nf6 2. Nf3 g6 3. Bf4 Bg7 4. c3 O-O 5. e3 d5 6. Bd3 c5 7. Nbd2 Nc6 8. h3 Qb6 9. Rb1 c4 10. Bc2 Nh5 11. Bh2 Re8 12. O-O Bd7 13. Ba4 Qd8 14. Be5 Nxe5 15. Nxe5 b5 16. Nxd7 Qxd7 17. Bc2 a5 18. a3 Rab8 19. Nf3 b4 20. axb4 axb4 21. Ba4 Qb7 22. Bxe8 Rxe8 23. Qa4 Rb8 24. cxb4 Ra8 25. Qc2 Qxb4 26. Qc3 Qd6 27. b3 Rc8 28. bxc4 Rxc4 29. Qb3 Rc8 30. Qb6 Qd7 31. Qb7 Rc7 32. Qb8+ Rc8 33. Qb7 Rc7 34. Qb8+ Rc8 35. Rb7 Qd8 36. Qa7 Bf8 37. Qb6 Qe8 38. Qb5 Qd8 39. Qd7 Qe8 40. Ne5 Nf6 41. Qxe8 Rxe8 42. Nd7 Bg7 43. Nxf6+ Bxf6 44. Rd7 e6 45. g3 Kg7 46. Kg2 h5 47. Rb1 g5 48. Rbb7 Rf8 49. g4 h4 50. Rb6 Bd8 51. Rxe6 Kg8 52. Red6 f5 53. Rxd5 fxg4 54. Rxd8 gxh3+ 55. Kxh3 Kg7 56. Rxg5+ Kf7 57. Rf5+ Ke7 58. Rdxf8 Kd7 59. R8f6 Ke7 60. Ra6 Kd7 61. Rh5 Kc7 62. Rh7+ Kb8 63. Rg6 1-0

[Event "1st FIDE OWCCCC Pools-East 2021"]
[Site "Online"]
[Date "2021.02.20"]
[Round "4.72"]
[White "Carrilho, Andre"]
[Black "Belozerova, Inna"]
[Result "1-0"]
[WhiteElo "1301"]
[BlackElo "583"]
[Annotator "NA"]
[PlyCount "59"]
[EventDate "2021.02.19"]
[EventType "team-tourn"]
[EventCountry "NET"]
[SourceTitle "playchess.com"]
[Source "ChessBase"]
[SourceQuality "1"]

1. e4 e5 2. Nf3 Nc6 3. Bc4 d5 4. Bxd5 Nf6 5. Bxc6+ bxc6 6. Nc3 Bd6 7. h3 O-O 8. d4 exd4 9. Nxd4 c5 10. Ndb5 a6 11. Nxd6 cxd6 12. O-O Qe8 13. Re1 Qe5 14. f4 Qh5 15. Qxh5 Nxh5 16. g4 Ng3 17. Kg2 Nxe4 18. Nxe4 Be6 19. Nxd6 Bd5+ 20. Kg3 Rad8 21. Nb7 Rd7 22. Nxc5 Rd6 23. Be3 Re8 24. Rad1 Rh6 25. Rxd5 g6 26. f5 g5 27. Bxg5 Rh5 28. Rxe8+ Kg7 29. gxh5 f6 30. Rd7# 1-0

[Event "1st FIDE OWCCCC Pools-East 2021"]
[Site "Online"]
[Date "2021.02.20"]
[Round "4.72"]
[White "sankul"]
[Black "Avinash Kumar"]
[Result "1-0"]
[WhiteElo "1157"]
[BlackElo "1291"]
[Annotator "NA"]
[PlyCount "81"]
[EventDate "2021.02.19"]
[EventType "team-tourn"]
[EventCountry "NET"]
[SourceTitle "playchess.com"]
[Source "ChessBase"]
[SourceQuality "1"]

1. e4 Na6 2. d4 c6 3. Nf3 Nf6 4. e5 Nd5 5. c4 Nb6 6. Bd2 e6 7. Ba5 Bb4+ 8. Bxb4 Nxb4 9. a3 Na6 10. Nc3 O-O 11. Bd3 f6 12. Qc2 f5 13. c5 Nd5 14. Nxd5 exd5 15. Bxf5 g6 16. Bd3 d6 17. cxd6 Bf5 18. Bxf5 Rxf5 19. O-O Rf4 20. Qd3 c5 21. g3 Rf8 22. dxc5 Nxc5 23. Qxd5+ Rf7 24. Kg2 Nb3 25. Qxb3 Qf8 26. Ng5 Rc8 27. Nxf7 Qxf7 28. Qxf7+ Kxf7 29. b4 Re8 30. f4 Ke6 31. Rfd1 Kf5 32. d7 Rd8 33. Rd6 Rxd7 34. Rxd7 Ke4 35. Re1+ Kf5 36. Kf3 Ke6 37. Rxh7 Kd5 38. e6 Kc4 39. Re3 Kb5 40. e7 Ka4 41. e8=Q+ 1-0

[Event "1st FIDE OWCCCC Pools-East 2021"]
[Site "Online"]
[Date "2021.02.20"]
[Round "4.72"]
[White "touchmove"]
[Black "Bors, Nandor"]
[Result "0-1"]
[WhiteElo "510"]
[BlackElo "1040"]
[Annotator "NA"]
[PlyCount "60"]
[EventDate "2021.02.19"]
[EventType "team-tourn"]
[EventCountry "NET"]
[SourceTitle "playchess.com"]
[Source "ChessBase"]
[SourceQuality "1"]

1. b3 e6 2. Bb2 d5 3. g3 Nf6 4. Nf3 Nc6 5. e3 Ne4 6. d3 Ng5 7. Nxg5 Qxg5 8. f4 Qf5 9. Nc3 d4 10. Nb5 Bd6 11. Nxc7+ Bxc7 12. c4 Qa5+ 13. b4 Qxb4+ 14. Qd2 Qxd2+ 15. Kxd2 O-O 16. exd4 Bd7 17. Re1 Ba5+ 18. Ke3 Bxe1 19. Bh3 Bb4 20. d5 exd5 21. cxd5 Bc5+ 22. Ke2 Rfe8+ 23. Kf3 Nd4+ 24. Kg2 Bxh3+ 25. Kxh3 Nf5 26. g4 Re3+ 27. Kg2 Nh4+ 28. Kf2 Rae8 29. a4 Rxd3+ 30. Kf1 Rd1# 0-1

[Event "1st FIDE OWCCCC Pools-East 2021"]
[Site "Online"]
[Date "2021.02.20"]
[Round "4.73"]
[White "Carrier, Nathalie"]
[Black "Jana, Sandipan"]
[Result "0-1"]
[WhiteElo "913"]
[BlackElo "1077"]
[Annotator "NA"]
[PlyCount "46"]
[EventDate "2021.02.19"]
[EventType "team-tourn"]
[EventCountry "NET"]
[SourceTitle "playchess.com"]
[Source "ChessBase"]
[SourceQuality "1"]

1. d4 e6 2. Bf4 d5 3. e3 Bd7 4. Nf3 a6 5. c3 h6 6. Be2 Bc6 7. O-O Bd6 8. Nbd2 Bxf4 9. exf4 Nf6 10. Bd3 Qd6 11. f5 O-O 12. Qb3 Nbd7 13. Rae1 Nb6 14. h3 Rfe8 15. g4 Qf4 16. Re3 exf5 17. Rfe1 Rxe3 18. Rxe3 fxg4 19. Kf1 gxf3 20. Qb4 Qh2 21. Rxf3 Re8 22. Re3 Rxe3 23. Be2 Qh1# 0-1

[Event "1st FIDE OWCCCC Pools-East 2021"]
[Site "Online"]
[Date "2021.02.20"]
[Round "4.74"]
[White "Kumar, Gaurav"]
[Black "Demko, Thomas"]
[Result "1-0"]
[WhiteElo "2036"]
[BlackElo "1281"]
[Annotator "ChessBase"]
[PlyCount "99"]
[EventDate "2021.02.19"]
[EventType "team-tourn"]
[EventCountry "NET"]
[SourceTitle "playchess.com"]
[Source "ChessBase"]
[SourceQuality "1"]

1. d4 Nf6 2. Bf4 e6 3. e3 d5 4. Nc3 Bd7 5. Bd3 Bb4 6. Nge2 O-O 7. h4 h5 8. g4 Nxg4 9. Rg1 Qxh4 10. Bg3 Qf6 11. a3 Bd6 12. Nf4 e5 13. Nxh5 Qh6 14. dxe5 Bxe5 15. Bxe5 Nxe5 16. Nxg7 Qh2 17. Rg3 Qh1+ 18. Bf1 Bg4 19. Rxg4 Nxg4 20. Qxg4 Qh7 21. Ne6+ Qg6 22. Qxg6+ fxg6 23. Nxf8 Kxf8 24. O-O-O Nc6 25. Nxd5 Rc8 26. Bd3 Kf7 27. f4 Ke6 28. Bc4 Rd8 29. Nxc7+ Ke7 30. Rxd8 Kxd8 31. Ne6+ Ke7 32. Nd4 Na5 33. Bd3 Kf6 34. b4 Nc6 35. Nxc6 bxc6 36. a4 Kg7 37. Be4 g5 38. Bxc6 g4 39. Bg2 Kf6 40. b5 Ke6 41. a5 Kd6 42. e4 Kc5 43. Bf1 Kb4 44. b6 axb6 45. axb6 g3 46. b7 Kc3 47. b8=Q Kd4 48. Qe5+ Ke3 49. f5 Kf2 50. Qf4+ 1-0

[Event "1st FIDE OWCCCC Pools-East 2021"]
[Site "Online"]
[Date "2021.02.20"]
[Round "4.74"]
[White "Mokashi, Magnesh"]
[Black "Kucherov, Pavel"]
[Result "1-0"]
[WhiteElo "1799"]
[BlackElo "1685"]
[Annotator "NA"]
[PlyCount "131"]
[EventDate "2021.02.19"]
[EventType "team-tourn"]
[EventCountry "NET"]
[SourceTitle "playchess.com"]
[Source "ChessBase"]
[SourceQuality "1"]

1. d4 d5 2. c4 e6 3. Nf3 Nf6 4. Nc3 Be7 5. Bf4 Nbd7 6. e3 O-O 7. Bd3 a6 8. O-O Nh5 9. Be5 Nxe5 10. dxe5 g6 11. Qc2 b6 12. Rfd1 Bb7 13. Rac1 c5 14. cxd5 exd5 15. Nxd5 Bxd5 16. Bc4 Qc7 17. Bxd5 Rad8 18. a4 a5 19. b3 Ng7 20. Bc4 Rxd1+ 21. Rxd1 Rd8 22. Rd5 Rxd5 23. Bxd5 Ne6 24. Qc4 Qd7 25. h3 Bd8 26. Nd2 Nc7 27. e4 Kg7 28. Nf3 h6 29. Nd2 Bg5 30. Nf3 Bd8 31. g3 Ne6 32. Kg2 Nc7 33. Ne1 Ne6 34. Bxe6 Qxe6 35. f4 Qxc4 36. bxc4 Kf8 37. Kf3 Ke7 38. Ke3 Ke6 39. Kd3 f6 40. exf6 Kxf6 41. Nf3 g5 42. Ne5 Bc7 43. Ng4+ Kg6 44. Ke3 gxf4+ 45. gxf4 h5 46. Nf2 Kf6 47. Nd3 Ke6 48. Ne1 Kf6 49. Nc2 Ke6 50. Na3 Kf6 51. Nb5 Bb8 52. Nc3 Ke6 53. Nd5 Kd6 54. Nxb6 Kc6 55. Nd5 Kd6 56. e5+ Ke6 57. Ke4 Ba7 58. f5+ Kf7 59. Nf4 Bb8 60. Nxh5 Ke7 61. Nf4 Kf7 62. h4 Ke7 63. h5 Kf7 64. h6 Kg8 65. f6 Kh7 66. e6 1-0

[Event "1st FIDE OWCCCC Pools-East 2021"]
[Site "Online"]
[Date "2021.02.20"]
[Round "4.75"]
[White "Noah, A .H. Al-Ali"]
[Black "Pandya, Dhaval"]
[Result "1-0"]
[WhiteElo "2247"]
[BlackElo "1212"]
[Annotator "TA"]
[PlyCount "93"]
[EventDate "2021.02.19"]
[EventType "team-tourn"]
[EventCountry "NET"]
[SourceTitle "playchess.com"]
[Source "ChessBase"]
[SourceQuality "1"]

1. Nc3 a6 2. d4 d5 3. e4 dxe4 4. Nxe4 h6 5. Nf3 e6 6. Bd3 b5 7. O-O Be7 8. c4 bxc4 9. Bxc4 c6 10. Ne5 Nf6 11. Nc5 Bxc5 12. dxc5 Qxd1 13. Rxd1 O-O 14. b4 Nbd7 15. Nxc6 Bb7 16. Na5 Ne5 17. Bb2 Nxc4 18. Nxc4 Bc6 19. Nd6 Rab8 20. Bxf6 gxf6 21. Rd4 Rfd8 22. Rad1 h5 23. h4 f5 24. a3 Ba4 25. R1d3 Bc2 26. Rg3+ Kf8 27. Rd2 Bb1 28. c6 Rb6 29. c7 Rdxd6 30. c8=Q+ Ke7 31. Qc7+ Kf6 32. Rxd6 Rxd6 33. Qxd6 a5 34. bxa5 Be4 35. Qd4+ Ke7 36. a6 Ke8 37. a7 Ke7 38. f3 Bd5 39. Qa4 f4 40. Rg8 e5 41. a8=Q Bxa8 42. Rxa8 f6 43. Ra7+ Kd6 44. Ra6+ Kc5 45. Qa5+ Kd4 46. Rd6+ Ke3 47. Qe1# 1-0

[Event "1st FIDE OWCCCC Pools-East 2021"]
[Site "Online"]
[Date "2021.02.20"]
[Round "4.75"]
[White "Fuss, Philippe"]
[Black "Ghosh Vinodkumar S"]
[Result "0-1"]
[WhiteElo "1080"]
[BlackElo "1429"]
[Annotator "NA"]
[PlyCount "116"]
[EventDate "2021.02.19"]
[EventType "team-tourn"]
[EventCountry "NET"]
[SourceTitle "playchess.com"]
[Source "ChessBase"]
[SourceQuality "1"]

1. e4 g6 2. Nf3 Bg7 3. Nc3 d6 4. Bc4 Bg4 5. h3 Bd7 6. O-O e6 7. d4 Ne7 8. Bf4 a6 9. a3 O-O 10. Qe2 Nbc6 11. d5 Nd4 12. Qd3 Nxf3+ 13. Qxf3 e5 14. Be3 f5 15. Bd2 fxe4 16. Qxe4 Bf5 17. Qh4 Bf6 18. Qg3 Qd7 19. Ne2 Bxc2 20. Bg5 Nf5 21. Qg4 Bxg5 22. Qxg5 Qa4 23. Ba2 Bb3 24. Bxb3 Qxb3 25. h4 Qxb2 26. Ng3 Nxg3 27. Qxg3 Qd4 28. h5 Qf4 29. hxg6 Qxg3 30. fxg3 hxg6 31. Rxf8+ Rxf8 32. g4 Rf4 33. g5 Kf7 34. Rb1 b5 35. Rc1 Rc4 36. Rf1+ Kg7 37. Rf6 Ra4 38. Re6 Rxa3 39. Re7+ Kf8 40. Rxc7 Rg3 41. Rc6 Rxg5 42. Rxd6 e4 43. Rd8+ Ke7 44. Ra8 Rxd5 45. Rxa6 Rd6 46. Ra5 Rb6 47. Ra1 Ke6 48. Re1 Ke5 49. Kf2 b4 50. Ke2 b3 51. Rb1 b2 52. Kd2 Kd4 53. g4 g5 54. Kc2 e3 55. Kd1 Kd3 56. Ke1 e2 57. Rd1+ exd1=Q+ 58. Kxd1 b1=Q# 0-1

[Event "1st FIDE OWCCCC Pools-East 2021"]
[Site "Online"]
[Date "2021.02.20"]
[Round "4.77"]
[White "Zaa, Jose"]
[Black "Callagher, Liam"]
[Result "1-0"]
[WhiteElo "756"]
[BlackElo "875"]
[Annotator "NA"]
[PlyCount "61"]
[EventDate "2021.02.19"]
[EventType "team-tourn"]
[EventCountry "NET"]
[SourceTitle "playchess.com"]
[Source "ChessBase"]
[SourceQuality "1"]

1. e4 c5 2. Bc4 Nf6 3. Nc3 e5 4. Nf3 d6 5. O-O Be7 6. d3 O-O 7. Ng5 Bg4 8. f3 Bh5 9. Bd2 Nc6 10. Nb5 Nd4 11. Nxd4 cxd4 12. Nxf7 Bxf7 13. Bxf7+ Rxf7 14. f4 d5 15. fxe5 Nd7 16. e6 Rxf1+ 17. Qxf1 Nf6 18. e5 Ng4 19. Re1 Rc8 20. c3 dxc3 21. bxc3 Qa5 22. Qf7+ Kh8 23. Qxe7 Qxa2 24. h3 Qxd2 25. hxg4 Qxe1+ 26. Kh2 Qxc3 27. g5 Qxd3 28. Qd7 Qc4 29. e7 Qc7 30. e8=Q+ Rxe8 31. Qxe8# 1-0

[Event "1st FIDE OWCCCC Pools-East 2021"]
[Site "Online"]
[Date "2021.02.20"]
[Round "4.77"]
[White "Trefny, Daniel"]
[Black "Hassan Sampath, Santosh"]
[Result "0-1"]
[WhiteElo "455"]
[BlackElo "1411"]
[Annotator "NA"]
[PlyCount "48"]
[EventDate "2021.02.19"]
[EventType "team-tourn"]
[EventCountry "NET"]
[SourceTitle "playchess.com"]
[Source "ChessBase"]
[SourceQuality "1"]

1. e4 c5 2. f3 Nc6 3. Nc3 g6 4. Na4 d6 5. g4 Bg7 6. f4 e5 7. g5 exf4 8. Qf3 Qxg5 9. Nh3 Qh4+ 10. Ke2 Nd4+ 11. Kd3 Nxf3 12. Ke2 Nd4+ 13. Kd3 Bxh3 14. Rg1 Bxf1+ 15. Rxf1 Qh3+ 16. Rf3 Qxf3+ 17. Kc4 Ne7 18. Nxc5 dxc5 19. d3 O-O 20. h4 Qd1 21. Bxf4 Qxa1 22. b3 Nxc2 23. Bg5 Qc3+ 24. Kb5 Qb4# 0-1